<?xml version="1.0" encoding="UTF-8"?>
<record
    xmlns:xsi="http://www.w3.org/2001/XMLSchema-instance"
    xsi:schemaLocation="http://www.loc.gov/MARC21/slim http://www.loc.gov/standards/marcxml/schema/MARC21slim.xsd"
    xmlns="http://www.loc.gov/MARC21/slim">

  <leader>00613nam a2200229Ia 4500</leader>
  <controlfield tag="005">20230303111655.0</controlfield>
  <controlfield tag="008">230125s9999    xx            000 0 und d</controlfield>
  <datafield tag="020" ind1=" " ind2=" ">
    <subfield code="a">978-81-7722-376-7</subfield>
  </datafield>
  <datafield tag="041" ind1=" " ind2=" ">
    <subfield code="a">eng</subfield>
  </datafield>
  <datafield tag="082" ind1=" " ind2=" ">
    <subfield code="a">658.8</subfield>
    <subfield code="b">CLO</subfield>
  </datafield>
  <datafield tag="100" ind1=" " ind2=" ">
    <subfield code="a">Clow K E</subfield>
  </datafield>
  <datafield tag="245" ind1=" " ind2=" ">
    <subfield code="a">Services Marketing</subfield>
    <subfield code="b">Operation, Management, and Strategy</subfield>
  </datafield>
  <datafield tag="250" ind1=" " ind2=" ">
    <subfield code="a">2nd Ed.</subfield>
  </datafield>
  <datafield tag="260" ind1=" " ind2=" ">
    <subfield code="c">2009</subfield>
    <subfield code="b">Biztantra Publications</subfield>
    <subfield code="a">New Delhi</subfield>
  </datafield>
  <datafield tag="300" ind1=" " ind2=" ">
    <subfield code="a">460p</subfield>
  </datafield>
  <datafield tag="500" ind1=" " ind2=" ">
    <subfield code="a">Services marketing</subfield>
  </datafield>
  <datafield tag="650" ind1=" " ind2=" ">
    <subfield code="a">Services marketing</subfield>
    <subfield code="9">119127</subfield>
  </datafield>
  <datafield tag="700" ind1=" " ind2=" ">
    <subfield code="a">Clow K E &amp; Kurtz D L</subfield>
    <subfield code="9">115457</subfield>
  </datafield>
  <datafield tag="906" ind1=" " ind2=" ">
    <subfield code="b">107.3</subfield>
  </datafield>
  <datafield tag="942" ind1=" " ind2=" ">
    <subfield code="c">BK</subfield>
  </datafield>
  <datafield tag="999" ind1=" " ind2=" ">
    <subfield code="c">93274</subfield>
    <subfield code="d">93274</subfield>
  </datafield>
  <datafield tag="952" ind1=" " ind2=" ">
    <subfield code="0">0</subfield>
    <subfield code="1">0</subfield>
    <subfield code="4">0</subfield>
    <subfield code="7">0</subfield>
    <subfield code="a">HIMR</subfield>
    <subfield code="b">HIMR</subfield>
    <subfield code="d">2015-03-04</subfield>
    <subfield code="e">Pritam Book Centre</subfield>
    <subfield code="g">429.00</subfield>
    <subfield code="i">9336</subfield>
    <subfield code="l">0</subfield>
    <subfield code="o">658.8 CLO B13170</subfield>
    <subfield code="p">HIMR-BK-13170</subfield>
    <subfield code="r">2023-01-25 00:00:00</subfield>
    <subfield code="v">321.70</subfield>
    <subfield code="w">2015-02-09</subfield>
    <subfield code="y">BK</subfield>
    <subfield code="z">B13170</subfield>
  </datafield>
  <datafield tag="952" ind1=" " ind2=" ">
    <subfield code="0">0</subfield>
    <subfield code="1">0</subfield>
    <subfield code="4">0</subfield>
    <subfield code="7">0</subfield>
    <subfield code="a">HIMR</subfield>
    <subfield code="b">HIMR</subfield>
    <subfield code="d">2015-03-04</subfield>
    <subfield code="e">Pritam Book Centre</subfield>
    <subfield code="g">429.00</subfield>
    <subfield code="i">9336</subfield>
    <subfield code="l">0</subfield>
    <subfield code="o">658.8 CLO B13171</subfield>
    <subfield code="p">HIMR-BK-13171</subfield>
    <subfield code="r">2023-01-25 00:00:00</subfield>
    <subfield code="v">321.70</subfield>
    <subfield code="w">2015-02-09</subfield>
    <subfield code="y">BK</subfield>
    <subfield code="z">B13171</subfield>
  </datafield>
  <datafield tag="952" ind1=" " ind2=" ">
    <subfield code="0">0</subfield>
    <subfield code="1">0</subfield>
    <subfield code="4">0</subfield>
    <subfield code="7">0</subfield>
    <subfield code="a">HIMR</subfield>
    <subfield code="b">HIMR</subfield>
    <subfield code="d">2015-03-04</subfield>
    <subfield code="e">Pritam Book Centre</subfield>
    <subfield code="g">429.00</subfield>
    <subfield code="i">9336</subfield>
    <subfield code="l">0</subfield>
    <subfield code="o">658.8 CLO B13172</subfield>
    <subfield code="p">HIMR-BK-13172</subfield>
    <subfield code="r">2023-01-25 00:00:00</subfield>
    <subfield code="v">321.70</subfield>
    <subfield code="w">2015-02-09</subfield>
    <subfield code="y">BK</subfield>
    <subfield code="z">B13172</subfield>
  </datafield>
  <datafield tag="952" ind1=" " ind2=" ">
    <subfield code="0">0</subfield>
    <subfield code="1">0</subfield>
    <subfield code="4">0</subfield>
    <subfield code="7">0</subfield>
    <subfield code="a">HIMR</subfield>
    <subfield code="b">HIMR</subfield>
    <subfield code="d">2015-03-04</subfield>
    <subfield code="e">Pritam Book Centre</subfield>
    <subfield code="g">429.00</subfield>
    <subfield code="i">9336</subfield>
    <subfield code="l">0</subfield>
    <subfield code="o">658.8 CLO B13173</subfield>
    <subfield code="p">HIMR-BK-13173</subfield>
    <subfield code="r">2023-01-25 00:00:00</subfield>
    <subfield code="v">321.70</subfield>
    <subfield code="w">2015-02-09</subfield>
    <subfield code="y">BK</subfield>
    <subfield code="z">B13173</subfield>
  </datafield>
  <datafield tag="952" ind1=" " ind2=" ">
    <subfield code="0">0</subfield>
    <subfield code="1">0</subfield>
    <subfield code="4">0</subfield>
    <subfield code="7">0</subfield>
    <subfield code="a">HIMR</subfield>
    <subfield code="b">HIMR</subfield>
    <subfield code="d">2015-03-04</subfield>
    <subfield code="e">Pritam Book Centre</subfield>
    <subfield code="g">429.00</subfield>
    <subfield code="i">9336</subfield>
    <subfield code="l">1</subfield>
    <subfield code="o">658.8 CLO B13174</subfield>
    <subfield code="p">HIMR-BK-13174</subfield>
    <subfield code="q">2026-01-31</subfield>
    <subfield code="r">2025-08-04 00:00:00</subfield>
    <subfield code="s">2025-08-04</subfield>
    <subfield code="v">321.70</subfield>
    <subfield code="w">2015-02-09</subfield>
    <subfield code="y">BK</subfield>
    <subfield code="z">B13174</subfield>
  </datafield>
  <datafield tag="952" ind1=" " ind2=" ">
    <subfield code="0">0</subfield>
    <subfield code="1">0</subfield>
    <subfield code="4">0</subfield>
    <subfield code="7">0</subfield>
    <subfield code="a">HIMR</subfield>
    <subfield code="b">HIMR</subfield>
    <subfield code="d">2015-03-04</subfield>
    <subfield code="e">Pritam Book Centre</subfield>
    <subfield code="g">429.00</subfield>
    <subfield code="i">9336</subfield>
    <subfield code="l">0</subfield>
    <subfield code="o">658.8 CLO B13175</subfield>
    <subfield code="p">HIMR-BK-13175</subfield>
    <subfield code="r">2023-01-25 00:00:00</subfield>
    <subfield code="v">321.70</subfield>
    <subfield code="w">2015-02-09</subfield>
    <subfield code="y">BK</subfield>
    <subfield code="z">B13175</subfield>
  </datafield>
  <datafield tag="952" ind1=" " ind2=" ">
    <subfield code="0">0</subfield>
    <subfield code="1">0</subfield>
    <subfield code="4">0</subfield>
    <subfield code="7">0</subfield>
    <subfield code="a">HIMR</subfield>
    <subfield code="b">HIMR</subfield>
    <subfield code="d">2015-03-04</subfield>
    <subfield code="e">Pritam Book Centre</subfield>
    <subfield code="g">429.00</subfield>
    <subfield code="i">9336</subfield>
    <subfield code="l">0</subfield>
    <subfield code="o">658.8 CLO B13176</subfield>
    <subfield code="p">HIMR-BK-13176</subfield>
    <subfield code="r">2023-01-25 00:00:00</subfield>
    <subfield code="v">321.70</subfield>
    <subfield code="w">2015-02-09</subfield>
    <subfield code="y">BK</subfield>
    <subfield code="z">B13176</subfield>
  </datafield>
  <datafield tag="952" ind1=" " ind2=" ">
    <subfield code="0">0</subfield>
    <subfield code="1">0</subfield>
    <subfield code="4">0</subfield>
    <subfield code="7">0</subfield>
    <subfield code="a">HIMR</subfield>
    <subfield code="b">HIMR</subfield>
    <subfield code="d">2015-03-04</subfield>
    <subfield code="e">Pritam Book Centre</subfield>
    <subfield code="g">429.00</subfield>
    <subfield code="i">9336</subfield>
    <subfield code="l">0</subfield>
    <subfield code="o">658.8 CLO B13177</subfield>
    <subfield code="p">HIMR-BK-13177</subfield>
    <subfield code="r">2023-01-25 00:00:00</subfield>
    <subfield code="v">321.70</subfield>
    <subfield code="w">2015-02-09</subfield>
    <subfield code="y">BK</subfield>
    <subfield code="z">B13177</subfield>
  </datafield>
  <datafield tag="952" ind1=" " ind2=" ">
    <subfield code="0">0</subfield>
    <subfield code="1">0</subfield>
    <subfield code="4">0</subfield>
    <subfield code="7">0</subfield>
    <subfield code="a">HIMR</subfield>
    <subfield code="b">HIMR</subfield>
    <subfield code="d">2015-03-04</subfield>
    <subfield code="e">Pritam Book Centre</subfield>
    <subfield code="g">429.00</subfield>
    <subfield code="i">9336</subfield>
    <subfield code="l">0</subfield>
    <subfield code="o">658.8 CLO B13178</subfield>
    <subfield code="p">HIMR-BK-13178</subfield>
    <subfield code="r">2023-01-25 00:00:00</subfield>
    <subfield code="v">321.70</subfield>
    <subfield code="w">2015-02-09</subfield>
    <subfield code="y">BK</subfield>
    <subfield code="z">B13178</subfield>
  </datafield>
  <datafield tag="952" ind1=" " ind2=" ">
    <subfield code="0">0</subfield>
    <subfield code="1">0</subfield>
    <subfield code="4">0</subfield>
    <subfield code="7">0</subfield>
    <subfield code="a">HIMR</subfield>
    <subfield code="b">HIMR</subfield>
    <subfield code="d">2015-03-04</subfield>
    <subfield code="e">Pritam Book Centre</subfield>
    <subfield code="g">429.00</subfield>
    <subfield code="i">9336</subfield>
    <subfield code="l">0</subfield>
    <subfield code="o">658.8 CLO B13179</subfield>
    <subfield code="p">HIMR-BK-13179</subfield>
    <subfield code="r">2023-01-25 00:00:00</subfield>
    <subfield code="v">321.70</subfield>
    <subfield code="w">2015-02-09</subfield>
    <subfield code="y">BK</subfield>
    <subfield code="z">B13179</subfield>
  </datafield>
</record>
